000 00649nam a2200217Ia 4500
003 GCL
008 140319s9999 xx 000 0 ara d
040 _aGCL /
_cGCL
082 0 4 _a188
_bل ر
100 1 _aمنصور القاضى
245 1 0 _aروبسبيير سياسة للفلسفة /
_cمنصور القاضى
700 1 _aلابيكا، جورج
260 _a[S.N] :
_bالمؤسسة الحديثة للكتاب ،
_c1994
300 _a158
490 _a
650 0 4 _aالفلسفة
650 0 4 _aالفلاسفة
650 0 4 _aالفلسفة الغربية
650 0 4 _aفلسفة العصور الوسطى
942 _2ddc
_cBK
999 _c29015
_d29015